00682 2200157 4500245008400000020002200084100002000106100002100126005001900147260003200166041001400198084001000212300002200222500027100244336000900515 aAl-Qur'an b : The Ultimate SecretcAstrid Darmawan dan Muhammad HidayathText a978-979-1238-70-0 aAstrid Darmawan aMuhammad Hidayat a20250131101817 aJakarta SelatanbUFUKc2008 aIndonesia a297.5 a262 hlm. :c18 cm aBuku ini memberi Anda arahan yang tepat sekaligus praktis untuk bisa memahami harta karun yang teramat berharga: Rahasia Al-Qur'an. Dengan meyakini dan mengikuti petunjuk-petunjuk yang ada di dalamnya, Anda akan menerima keberlimpahan di segala aspek kehidupan Anda. atext